Las actividades incluidas en el libro de texto para la enseñanza de las ciencias naturales en sexto grado de primaria (Record no. 153474)

MARC details
000 -CABECERA
campo de control de longitud fija 00677nab a2200193 a 4500
005 - FECHA Y HORA DE LA ÚLTIMA TRANSACCIÓN
campo de control 20210219161238.0
008 - ELEMENTOS DE LONGITUD FIJA--INFORMACIÓN GENERAL
campo de control de longitud fija 991125s1985 mx 000 0 spa u
035 ## - NÚMERO DE CONTROL DEL SISTEMA
Número de control de sistema UPN01000181371
100 1# - ASIENTO PRINCIPAL--NOMBRE PERSONAL
Nombre de persona Guerra Ramos, María Terersa
222 #0 - TÍTULO CLAVE
Título clave REVISTA MEXICANA DE INVESTIGACION EDUCATIVA
245 00 - MENCIÓN DE TÍTULO
Título Las actividades incluidas en el libro de texto para la enseñanza de las ciencias naturales en sexto grado de primaria
300 ## - DESCRIPCIÓN FÍSICA
Extensión 441-470
362 0# - FECHAS DE PUBLICACIÓN Y/O DESIGNACIÓN SECUENCIAL
Fecha de publicación y/o designación secuencial 2011 Vol. 16, no. 49 (2), abr.-jun.
653 0# - TERMINO DE INDIZACION - NO CONTROLADO
Término no controlado CIENCIAS NATURALES
653 0# - TERMINO DE INDIZACION - NO CONTROLADO
Término no controlado EDUCACION PRIMARIA
653 0# - TERMINO DE INDIZACION - NO CONTROLADO
Término no controlado LIBRO DE TEXTO GRATUITO
700 1# - ASIENTO SECUNDARIO--NOMBRE DE PERSONAL
Nombre de persona López Valentín, Dulce María,
Término indicativo de función/relación coaut.
905 ## - TIPO DE MATERIAL
Tipo de material Articulo

No items available.